000 01324nam0a2200289 4500
001 RU\NLR\BIBL_A\010363981
005 20250614042922.0
010 _a978-5-904449-72-8
_9500
021 _aRU
_b2014-19819
_91231
035 _a(NLR Aleph) 010363981
090 _a9588549
_c9588549
100 _a20140603d2014 |||y0rusy50 ca
101 0 _atat
102 _aRU
105 _aa||||||||||||
200 1 _aБөркеп чыккан чишмә - Бәркәтә
_b[Татарстан Респ. Чирмешән р-ны Бәркәтә а. тарихы]
_fИмаметдин Хәйретдинов
210 _aКазан
_cЯз
_d2014
215 _a351 б., [8] л. цв. фот.
_cил., портр.
_d22
541 1 _6z01790
_a[Родник моей судьбы - Беркет-Ключ
_eистория с. Беркет-Ключ Черемшан. р-на Респ. Татарстан]
_zrus
606 1 _aТатарская деревня
_xИстория
_92175442
_3RU\NLR\auth-onl\66106
686 1 _aТ3(2Р-6Т)-9
700 1 _aХәйретдинов
_bИ. Н.
_gИмаметдин Нурхәмәт улы
_4070
790 1 _6z01541
_aХайрутдинов
_bИ. Н.
_gИмаметдин Нурхаметович
_4070
852 _aNLR
_bОНЛ
_jТатар./3-14432
942 _cBOOK
980 _aNB